000 00442nam a22001697a 4500
003 CEME
005 20210628205242.0
008 210223b xxu||||| |||| 00| 0 eng d
020 _a81-203-1340-2
040 _c.
082 _a004.67 KRA'I
100 _aHabraken, J Kraynerk, J
_974600
245 _aInrernet 6 in 1 easy steps for fast result
260 _aNEWDELHI
_bQUE PRENTICE HALL
_c1998
300 _aXXVII, 682P
942 _cBK
_2ddc
999 _c580113
_d580113